| 000 | 00627nam a2200217 a 4500 | ||
|---|---|---|---|
| 005 | 20151125085359.0 | ||
| 008 | 140220b1980 ck ||||| |||| 00| 0 spa d | ||
| 040 |
_aCO-BoIAVH _cCO-BoIAVH |
||
| 041 | _aspa | ||
| 044 | _ack | ||
| 090 |
_aLB _b00488 |
||
| 110 |
_bFondo de Promoción de Exportaciones de Colombia _98017 |
||
| 245 | _aPosibilidades de la producción del caracol en Colombia | ||
| 260 |
_aBogotá _bPROEXPORT _c1980 |
||
| 300 | _a175 p. | ||
| 650 |
_aPlanes de aprovechamiento _98018 |
||
| 650 |
_aComercio de especies _94307 |
||
| 650 |
_aMalacofauna _98019 |
||
| 650 |
_aCaracoles _943046 |
||
| 942 |
_cINFORME _2z |
||
| 999 |
_c507 _d507 |
||